000 01192nam a22003617a 4500
001 BR2015006145
003 BR-BrBNA
005 20250204105446.0
007 ta
008 230509b bl.||||| |||| 00| 0 por d
040 _aBR-BrBNA
_bpor
_cBiblioteca Nacional de Agricultura
041 _a(Por)
072 _aF03; Q03
_b3575
100 1 _aFrancelino, J.N.
100 1 _aPeixoto Filho, S.C.
100 1 _aCaruso, H.
100 1 _aMiranda, L.C.
100 1 _aDengler, R.U.
100 1 _aMiranda, Z. de F.S.
110 1 _aMinistério da Agricultura, Pecuária e Abastecimento, Brasília, DF (Brasil). Secretaria de Defesa Agropecuária
_96721
245 1 _aGuia de inspeção de campos para produção de sementes
250 1 _a3. ed.
260 3 _aBrasília, DF (Brasil):
_c2011.
300 _a41 p.
500 _a18 ref.; Summary (Por); 21 illus.; 4 tables
650 _aPRODUÇÃO DE SEMENTES
650 _aCONTROLE DE QUALIDADE
650 _aINOVAÇÃO
650 _aINSPEÇÃO VEGETAL
650 _aPOLUENTE
856 _uhttps://repositorio-dspace.agricultura.gov.br/bitstream/1/424/1/guia-de-inspecao-de-campos-para-producao-de-sementes.pdf
942 _cBK
_2AGRIS
999 _c81547
_d81547